Normale Ansicht MARC-Ansicht ISBD

Europe's Welfare Traditions since 1500 (Titelsatznr. 62034)

[ MARC ]
MARC-Details
000 -Satzkennung
Kontrollfeld mit fester Länge 01287nad a22003253ic4500
001 - Kontrollnummer
Kontrollfeld EBC7175210
003 - Kontrollnummer Identifier
Kontrollfeld MiAaPQ
005 - Datum und Zeit der letzten Transaktion
Kontrollfeld 20240320181802.0
007 - Feld mit fester Länge zur physischen Beschreibung - Allgemeine Information
Kontrollfeld mit fester Länge cr cnu||||||||
008 - Feld mit fester Länge zur physischen Beschreibung - Allgemeine Angaben
Kontrollfeld mit fester Länge 230317s2023 xx o ||||0 eng d
020 ## - Internationale Standardbuchnummer
Internationale Standardbuchnummer 9781350276215
Nähere Angaben (electronic bk.)
020 ## - Internationale Standardbuchnummer
Gelöschte/ungültige ISBN 9781350276208
040 ## - Katalogisierungsquelle
Original-Katalogisierungsstelle MiAaPQ
Katalogisierungssprache eng
Übertragungsstelle MiAaPQ
100 1# - Haupteintragung - Personenname
Personenname Adams, Thomas M.
Koha-Normdatenidentnummer 21772
Funktionsbezeichnungscode aut
Funktionsbezeichnung Verfasser
245 10 - Titel
Titel Europe's Welfare Traditions since 1500
Zählung des Teils/der Abteilung eines Werkes Volume 1
Titel eines Teils/einer Abteilung eines Werkes 1500-1700
Verfasserangabe etc. Thomas McStay Adams
264 #1 - Produktion, Veröffentlichung, Distribution, Herstellung und Urheberrechtsvermerk
Herstellungs-, Veröffentlichungs- Vertriebs-, Erzeugungsort London ; New York ; Oxford ; New Delhi ; Sydney :
Produzent, Herausgeber, Distributor, Hersteller Bloomsbury Academic,
Datum der Herstellung, der Veröffentlichung, des Vertriebs oder des Urheberschutzvermerks 2023.
264 #4 - Produktion, Veröffentlichung, Distribution, Herstellung und Urheberrechtsvermerk
Datum der Herstellung, der Veröffentlichung, des Vertriebs oder des Urheberschutzvermerks ©2023.
300 ## - Physische Beschreibung
Umfang 1 online resource (297 pages)
336 ## - Inhaltstyp
Inhaltstypterm Text
Inhaltstypcode txt
Quelle rdacontent
337 ## - Medientyp
Bezeichnung des Medientyps Computermedien
Medientypcode c
Quelle rdamedia
338 ## - Datenträgertyp
Datenträgertypbezeichnung Online Resource
Datenträgertypcode cr
Quelle rdacarrier
500 ## - Allgemeine Fußnote
Allgemeine Fußnote E-Book-ProQuest / Fernzugriff nach Registrierung möglich
655 #4 - Indexierungsterm - Genre/Form
Genre/Form oder fokussierter Term
655 ## - Indexierungsterm - Genre/Form
Genre/Form oder fokussierter Term Fernzugriff
Koha-Normdatenidentnummer 230
773 ## - Übergeordnete Einheit
Zählung und erste Seite Volume1
Datensatzkontrollnummer 1826996559
776 08 - Andere physische Form
Verweisungsphrase Print version:
Haupteintragung Adams, Thomas McStay
Titel Europe's Welfare Traditions since 1500, Volume 1
Ort, Verlag und Erscheinungsjahr London : Bloomsbury Publishing Plc,c2023
Internationale Standardbuchnummer 9781350276208
856 40 - Elektronische Adresse und Zugriff
URL <a href="https://ebookcentral.proquest.com/lib/maxweberstiftung-ebooks/detail.action?docID=7175210">https://ebookcentral.proquest.com/lib/maxweberstiftung-ebooks/detail.action?docID=7175210</a>
OPAC-Notiz Volltext
942 ## - Zusätzliche Felder (Koha)
Koha-Medientyp E-Books
Klassifikation oder Aufstellungssystematik Andere/Generische Klassifikation
Exemplare
Ausgeschieden Verloren Klassifikation oder Aufstellungssystematik Beschädigt Nicht entleihbar Heimatbibliothek Aufenthaltsbibliothek Aufstellungsort Erwerbungsdatum Inventarnummer Signatur Barcode Letzte Aktivität Preis gültig von Koha-Medientyp
    Andere/Generische Klassifikation     MWN Osteuropa MWN Osteuropa Online-Ressource 17/03/2023 23-e00375 E-23-e00375 64505 17/03/2023 17/03/2023 E-Books